| 000 | 00914nam a22002657a 4500 | ||
|---|---|---|---|
| 003 | DO-SdBNP | ||
| 005 | 20251031084659.0 | ||
| 007 | ta | ||
| 008 | 210708e2021 dr a|||er|||| 001 0 spa d | ||
| 040 |
_aDO-SdBNP _bspa _cBNPHU |
||
| 041 | _hspa | ||
| 082 | 4 |
_bP387f _222 |
|
| 100 | 1 |
_aPellerano Morillo , Nancy _979145 |
|
| 245 | 1 | 0 |
_aFragmentos de economía monetaria / _cFernando Pellerano Molina; presentación de Juan Antonio Cerda Luna |
| 260 |
_aSanto Domingo : _bEeditora Universitaria, UASD, _c2012 |
||
| 300 |
_a176 p. ; _c20 cm. |
||
| 500 | _aIncluye bibliografía y notas al pié de las páginas. | ||
| 590 | _aInventariado 2021/ MF | ||
| 650 | 0 |
_aCondiciones económicas _xRepública Dominicana _975414 |
|
| 650 | 4 |
_926125 _aPolítica monetaria _zRepública Dominicana _xHistoria |
|
| 650 |
_974596 _aCrisis financiera |
||
| 650 | 4 |
_931889 _aFraudes bancarios |
|
| 910 | _aMFeliz | ||
| 942 |
_2ddc _cLBS1 |
||
| 999 |
_c50071 _d50071 |
||